[Event "Bad Homburg"]
[Site "Bad Homburg"]
[Date "1996.??.??"]
[Round "2"]
[White "Bezold, Michael"]
[Black "Polgar, Sofia"]
[Result "1/2-1/2"]
[WhiteElo "2495"]
[BlackElo "2480"]
[Annotator "Alterman,B"]
[PlyCount "82"]
[EventDate "1996.07.20"]
[EventType "tourn"]
[EventRounds "9"]
[EventCountry "GER"]
[EventCategory "12"]
[SourceTitle "CBM 055"]
[Source "ChessBase"]
[SourceDate "1996.12.01"]
[SourceVersion "1"]
[SourceVersionDate "1996.12.01"]
[SourceQuality "1"]

1. c4 f5 2. g3 Nf6 3. Bg2 g6 4. Nc3 Bg7 5. d3 O-O 6. Nf3 d6 7. Rb1 a5 8. a3 e5
9. Bg5 $6 (9. O-O Nc6 (9... Nbd7 10. b4) 10. Bg5 $14) 9... h6 (9... Nbd7 $6 10.
Qd2 $14) 10. Bxf6 Qxf6 11. O-O c6 12. Qc2 Be6 13. Nd2 Nd7 14. Rfc1 Qf7 $10 15.
b4 axb4 16. axb4 Nf6 17. b5 d5 (17... c5 $5 18. Ra1 g5 $13) 18. bxc6 bxc6 19.
Rb6 $6 (19. Na4 Nd7 (19... f4 $1) 20. Nb6 Rab8 21. Nxd7 Qxd7 22. cxd5 cxd5 23.
Qc6 e4 $15) (19. cxd5 $1 cxd5 20. Nf3 Nd7 (20... e4 $6 21. Ne5 Qe8 22. Nb5) 21.
Nb5 $10) 19... Rfc8 20. Qb1 (20. Rcb1 dxc4 21. Nxc4 Bxc4 22. dxc4 Qxc4) 20...
e4 $1 $15 21. cxd5 $6 cxd5 22. Rb7 Nd7 $1 $17 (22... Qf8 23. Nb5 Rxc1+ 24. Qxc1
Ng4 25. Nb3 $132) 23. Nb5 Rxc1+ 24. Qxc1 Ra1 25. Nb1 Qf8 26. N5a3 Qc5 27. Qxc5
Nxc5 28. Rb8+ Kf7 29. Bf1 exd3 $2 (29... d4 $1 30. Rb5 (30. Nc2 Ra2 31. Nb4 Rb2
32. Na3 e3 33. Nac2 Bb3 $17) 30... Nb3 (30... Bf8 31. Nc2) 31. Rb7+ Kf6 32. Rb8
e3 $17) 30. exd3 Ra2 31. Nb5 Rb2 32. Nd6+ Ke7 33. Rxb2 Bxb2 34. Nb5 $10 d4 35.
Nd2 Nb3 36. Nc4 Bxc4 (36... Bc1 37. Be2 $10) 37. dxc4 Nc1 38. f4 d3 39. Kf2 d2
40. Be2 Nb3 41. Bd1 Na5 1/2-1/2

[Event "Paracin Summer op-A 11th"]
[Site "Paracin"]
[Date "2018.07.11"]
[Round "7"]
[White "Marjanovic, Annamaria"]
[Black "Atalik, Suat"]
[Result "0-1"]
[WhiteElo "2325"]
[BlackElo "2509"]
[Annotator "Atalik,S"]
[PlyCount "78"]
[EventDate "2018.07.06"]
[EventType "swiss"]
[EventRounds "9"]
[EventCountry "SRB"]
[SourceTitle "CBM 186"]
[Source "ChessBase"]
[SourceDate "2018.09.14"]
[SourceVersion "1"]
[SourceVersionDate "2018.09.14"]
[SourceQuality "1"]

1. c4 b6 $5 2. e4 Bb7 3. Nc3 e5 $5 4. Nge2 $5 (4. Nf3 Nc6 5. d4 exd4 6. Nxd4
Bb4 $13) (4. g3 Bc5 5. Bg2 Ne7 6. Nge2 O-O 7. O-O Nbc6 8. d3 $13 {is the
normal development.}) 4... Nf6 $5 5. d3 Bc5 6. h3 (6. Ng3) 6... c6 7. Ng3 $6 (
7. g3 d5 8. exd5 cxd5 9. Bg2 Qd7) (7. g4 d5 8. g5 Ng8 $132) 7... d5 8. Nf5 $5
g6 9. Ng3 $2 {This is simply a loss of time.} (9. Ng7+ $2 Ke7 $1 (9... Kf8 10.
Bh6 Kg8 11. Qf3 Bf8 12. Nf5)) (9. Nh6 $1) 9... dxc4 $1 10. dxc4 Qxd1+ 11. Nxd1
h5 $1 $17 12. Bd3 Na6 13. a3 Bd4 14. Bg5 Nh7 15. Be3 Nc5 (15... O-O-O $5) 16.
Bxd4 $2 (16. Bc2 O-O-O $1 $17 (16... Ba6 17. Bxd4 exd4 18. b4 d3 19. bxc5 dxc2
20. Ne3 bxc5 21. e5)) 16... Nxd3+ (16... exd4 17. Ke2 h4 18. Nf1 Nf6 19. Nd2
Nh5 $40) 17. Kd2 O-O-O 18. Kxd3 Rxd4+ 19. Kc3 Rhd8 $19 20. h4 Rd2 21. Kb3 R8d3+
22. Ka2 Rc2 23. c5 Ba6 24. cxb6 axb6 25. Kb1 Rdd2 26. a4 Bd3 27. Ka2 Nf6 28.
Re1 Ng4 29. Nf1 Bc4+ (29... Bxf1 30. Rxf1 Nxf2 31. Rxf2 Rxf2 32. Nxf2 Rxf2 33.
Rc1 Kc7 $19) 30. Ka3 Rd3+ 31. Nc3 Rxf2 32. Rac1 Rxg2 33. b3 Be6 34. Nd5 Kb7 35.
Rxc6 Kxc6 $5 (35... Rxb3+ 36. Kxb3 Kxc6 $19 {is more materialistic.}) 36. Nb4+
Kb7 37. Nxd3 g5 $1 38. Ne3 (38. hxg5 h4 39. Ne3 Nxe3 (39... Rg3 40. Nxg4 Rxd3
41. Re3 Rxe3 42. Nxe3 h3 43. Nf1 Bd7 44. Kb4 Bc6 45. Kc4 Bxe4) 40. Rxe3 h3 41.
Re1 Rg3 $19) 38... Rg3 39. Nxg4 hxg4 (39... Rxd3 40. Re3 hxg4 $1 (40... Rxe3
41. Nxe3 gxh4 42. Kb4 Bg4 43. Nf1 Be2 44. Nh2 Bd3 $19) 41. Rxd3 gxh4 $19) 0-1

[Event "SRB Central-ch op-A 5th"]
[Site "Paracin"]
[Date "2012.07.10"]
[Round "5"]
[White "Zlatanovic, Boroljub"]
[Black "Atalik, Suat"]
[Result "0-1"]
[WhiteElo "2428"]
[BlackElo "2599"]
[Annotator "Atalik,S"]
[PlyCount "80"]
[EventDate "2012.07.06"]
[EventType "swiss"]
[EventRounds "9"]
[EventCountry "SRB"]
[SourceTitle "CBM 149 Extra"]
[Source "ChessBase"]
[SourceDate "2012.08.24"]
[SourceVersion "1"]
[SourceVersionDate "2012.08.24"]
[SourceQuality "1"]

1. c4 b6 $5 {I have started to build up quite a score with this weird move.} 2.
Nc3 (2. d4 Bb7 (2... Nf6 {is a defence Alekhine was fond of.} 3. Nc3 Bb7 4. d5
e5 $5 5. a3 $1 a5 6. Nf3 Bd6 7. e4 Na6 8. Bd3 Nc5 9. Bc2 h6 10. O-O O-O 11. h3
Re8 $14) 3. d5 e6 4. a3 exd5 5. cxd5 Nf6 6. Nc3 b5 $13) 2... Bb7 3. e4 e5 $5 (
3... e6 4. Nf3 Bb4 5. Bd3 Ne7 {is something I had experience with.}) 4. g3 {
Many English Opening afficioniados pick the Botvinnik setup with e4 and
kingside fianchetto.} (4. Nf3 Nc6 5. d4 exd4 6. Nxd4 Bb4 $13) 4... f5 5. Bg2
Nf6 6. Nd5 $2 {This can not be good since he is playing with the same piece
for a second time in the opening.} (6. d3 fxe4 7. Nge2 Bc5 8. O-O O-O 9. Bg5 h6
10. Nxe4 Bxe4 11. Bxe4 c6 12. Bxf6 Qxf6 $13 {is an irregular position.}) 6...
fxe4 7. Bxe4 Bc5 $5 (7... Bxd5 8. Bxd5 Nxd5 9. cxd5 Qf6 10. Ne2 Bc5 11. O-O O-O
$17 {was simple and strong.}) (7... Nxe4 $2 8. Qh5+ g6 9. Qxe5+ Kf7 10. Qxh8
$18 {is too obvious.}) 8. Bg2 Nc6 (8... O-O $3 9. Ne7+ Qxe7 10. Bxb7 Nc6 11.
Bxa8 Rxa8 {а la Morphy is not obvious at all.} 12. d3 (12. Ne2 Qe6 13. d3 Rf8
14. Be3 Bxe3 15. fxe3 Ng4 16. Qd2 Qh6 17. O-O-O Nxe3 18. Rde1 Rf2 $19) (12. Nh3
Qe6 13. Ng5 Qf5 14. O-O Nd4 15. d3 h6 $19) 12... e4 $40 {are some sample lines.
}) 9. Ne2 ({I was expecting} 9. Nh3 Nxd5 10. Bxd5 Qf6 11. d3 (11. O-O O-O-O $17
) 11... Qf5 12. g4 Qf8 $17) 9... Nb4 $1 10. d4 $5 Nfxd5 $2 (10... Nbxd5 $142
11. cxd5 exd4 12. O-O O-O $17 {is the normal way to get the pawn.}) 11. cxd5
exd4 12. O-O O-O 13. Nf4 $2 {Not the most resilient.} (13. a3 Nxd5 14. b4 (14.
Qb3 $6 c6 15. Nf4 Qf6 16. Nxd5 cxd5 17. Bf4 Qf5 $17) 14... Be7 15. Qb3 c6 16.
Nf4 Qe8 17. Nxd5 cxd5 18. Bb2 Qf7 19. Bxd4 Rfc8 $15 {and still a pawn is a
pawn after all.}) (13. Qb3 Ba6 14. d6+ Kh8 15. dxc7 Qxc7 16. Bf4 Qd8 $1 $17)
13... a5 $1 14. a3 Na6 15. Qh5 (15. Qg4 Qe8) 15... Qe8 16. Qg4 Qf7 $2 {A lack
of tactical awareness.} (16... Bd6 $1 17. Bd2 (17. Nh5 Qg6 18. Qxg6 hxg6 19.
Nf4 g5 $17) (17. Bh3 Nc5) 17... Nc5 18. Rae1 Qf7 $17) 17. Ne6 $1 Rfe8 18. Be4 (
18. Ng5 Qg6 19. Be4 Rxe4 20. Qxe4 Qxe4 21. Nxe4 Bxd5 22. Nxc5 Nxc5 $17 (22...
bxc5 $5 $17)) 18... Be7 $1 19. Bh6 $2 (19. Nxd4 Nc5 20. Bg2 Bf6 21. Nb5 d6 $17)
19... dxe6 $1 {Now with h6 hanging this becomes possible.} 20. dxe6 Qf6 21.
Bxb7 Qxh6 22. Bxa8 Rxa8 $19 {This is winning but Black has still to overcome
some difficulties.} 23. Qxd4 (23. Qf3 Rf8 24. Qb7 Nc5 25. Qxc7 Bd8 $19) 23...
Nc5 $6 {Not the most exact.} (23... Qxe6 24. Rfe1 Bf6 $19) 24. b4 axb4 25. axb4
Rd8 26. Qc3 Nxe6 27. Rfe1 Kf8 $1 {Finally I have played a good move which had
an immediate impact on the result.} (27... Qf6 $2 28. Qc4 Kf7 29. Ra3 Rd4 30.
Qe2 $40) 28. Qe5 Kf7 29. Ra3 Rd6 30. Rae3 Bf6 31. Qb5 Qg5 32. Qc4 b5 33. Qa2
Qf5 34. Kg2 h5 35. h3 c6 $1 {Now Black is all set up to break the pin with Qd5
and this is decisive.} 36. Qa7+ Kg6 37. Qb8 Qd5+ 38. Kh2 Rd8 39. Qa7 Nd4 $19 {
Black's threat of forks is unsurmountable.} (39... Ng5 40. Qa3 Qf5 $19) 40. Qa3
Nc2 {A family fork immediately forced the resignation.} 0-1

[Event "Olympiad-35"]
[Site "Bled"]
[Date "2002.11.08"]
[Round "13.2"]
[White "Agrest, Evgenij"]
[Black "Atalik, Suat"]
[Result "1/2-1/2"]
[WhiteElo "2607"]
[BlackElo "2575"]
[Annotator "Atalik,S"]
[PlyCount "60"]
[EventDate "2002.10.26"]
[EventType "team-swiss"]
[EventRounds "14"]
[EventCountry "SLO"]
[SourceTitle "CBM 092"]
[Source "ChessBase"]
[SourceDate "2003.02.06"]
[SourceVersion "1"]
[SourceVersionDate "2003.02.06"]
[SourceQuality "1"]
[WhiteTeam "Sweden"]
[BlackTeam "Bosnia&Herzegovina"]
[WhiteTeamCountry "SWE"]
[BlackTeamCountry "BIH"]

1. c4 e6 2. Nc3 b6 $5 {I have an affiliation for this move!} 3. e4 (3. a3 Bb7
4. e4 c5 5. Nf3 Nf6 {shows that a3 is not that good in this type of positions.}
) 3... Bb7 4. Nf3 (4. a3 c5 5. Nf3 Nf6 {is the same position mentioned under
the note after the third move.}) 4... Bb4 5. Bd3 {A GM Agrest speciality.} Ne7
6. Ne2 {That is what GMs Chernin and Agrest do in this position.} (6. O-O O-O
7. Bc2 f5 8. exf5 Bxf3 $5 9. Qxf3 Nbc6 10. Ne2 Bc5 $5 $13 {Smirin-Atalik,
Sarajevo 2001.}) 6... Ng6 7. Bc2 Nh4 $146 (7... f5 8. Ng3 {has been tried in
many games.}) 8. a3 Bd6 (8... Nxf3+ $6 9. gxf3 {simply strenghtens his center.}
) 9. Nxh4 Qxh4 10. Ng3 $2 {I did not expect this.} (10. Nc3 f5 $1 11. d4 fxe4
12. Be3 O-O 13. Qb1 Nc6 14. Bxe4 Rae8 $32) 10... Nc6 $2 {After a long think I
have decided for this.However it is completely wrong.} (10... f5 $1 11. exf5
Bxg2 12. Rg1 Qxh2 13. Rxg2 (13. Qh5+ $2 Qxh5 14. Nxh5 Bf3 15. Nxg7+ Kf7 16.
fxe6+ dxe6 17. d4 Bh2 $5 (17... Nc6 $6 18. Nxe6 Kxe6 19. d5+ Kf6 20. dxc6 Rae8+
21. Be3 $15 {Black is better but it is not yet over.}) (17... Rg8 $5 18. Bh6
Nc6 $1 (18... Bf8 $2 19. Rg3 Bb7 20. d5 (20. Nxe6 $2 Bxh6 21. Rxg8 Kxg8 22.
Nxc7 Nc6 23. Nxa8 Nxd4 24. Rd1 Nxc2+ 25. Kf1 Bg5 $1 26. Nc7 Be4 27. Rd7 h5 $19)
20... Rxg7 21. dxe6+ Kf6 22. Bxg7+ Bxg7 23. Rd1 $1) 19. Bxh7 Nxd4 20. Bxg8+
Rxg8 21. Kd2 Be5 $19) 18. Rg5 Nc6 19. Be3 Rag8 20. Nxe6 Kxe6 21. d5+ Kd6 $19)
13... Qxg2 14. Qh5+ Kd8 {Interestingly I have considered this position quite
ok for white but actually it seems stone cold lost.} 15. Be4 (15. Qg5+ Kc8 16.
Qxg7 Qg1+ 17. Ke2 Rf8 18. f6 Nc6 19. Be4 Nd4+ 20. Kd3 Nb3 $19) 15... Qg1+ 16.
Ke2 (16. Nf1 exf5 17. Bxa8 Re8+ $19) 16... Nc6 17. fxe6 (17. Bxc6 dxc6 18. d4
Kc8 $19) 17... Nd4+ 18. Ke3 c6 $1 19. Kxd4 Qxf2+ 20. Kc3 Qxg3+ 21. d3 Kc7 $19)
11. d4 O-O 12. Be3 $6 {Very risky play.} (12. O-O f5 13. e5 Be7 (13... Nxd4 14.
exd6 Nxc2 15. Qxc2 f4 16. dxc7 $1 fxg3 17. hxg3 $16) 14. Ne2 $13) 12... Na5 $1
13. Qd3 $2 {An absolutely wrong place for whites queen.} (13. Bd3 $2 f5) (13.
Qe2 Ba6 (13... f5 $2 14. exf5 Bxg2 15. Rg1 Qxh2 16. O-O-O $40) 14. b3 Bf4 15.
Bxf4 Qxf4 16. Qh5 $14) 13... f5 14. exf5 Bxg2 15. Rg1 Bf3 {Black has better to
prevent white from castling.} (15... Qxh2 $2 16. O-O-O $40) 16. b3 $5 {Very
creative.} (16. fxe6 dxe6 17. Ne2 Bxh2 18. Rg5 Rad8 $17) (16. Ne2 Rxf5 $17) ({
But what is wrong with} 16. Kd2 e5 17. c5 e4 18. Nxe4 (18. Qc3 Be7) 18... Bxh2
19. f6 Bxg1 20. Rxg1 g6 $17) 16... Qxh2 $2 {Too greedy!} (16... e5 17. f6 g6 $1
$17 (17... Qxh2 $2 18. Nf1 Qxg1 19. Qxh7+ Kf7 20. fxg7 $1 $16) (17... Rxf6 18.
Nf5 e4 19. Nxh4 exd3 20. Bxd3 Bxh2 21. Nxf3 Rxf3 22. Rh1 $40)) (16... Rae8 17.
Kd2 e5 18. c5 e4 19. Qc3 Be7 $17 (19... Bxg3 $6 20. Rxg3 Rxf5 21. Rag1 g6 22.
b4 Nc6 23. Bb3+ Kh8 24. b5 Na5 25. d5+ $40)) 17. Kd2 {Only at this particular
point I have realised that my original intention is tactically wrong.} Bxg3 {
A sad necessity.} (17... Bxa3 $2 18. Kc3 Nc6 19. Rh1 Bxh1 20. Rxh1 Qg2 21. fxe6
g6 22. Rxh7 Rf6 23. Rh6 $18) 18. Rxg3 Rxf5 19. Rag1 g6 20. d5 $1 {A great move.
} (20. Qc3 Raf8 21. Bxf5 Rxf5 $15 {With 2 pawns for the exchange black is
doing fine.}) 20... Bh5 $8 {This forced since 21.Rf3 Rf3 22.Rg6 is very strong
as a threat.} (20... Raf8 $2 21. Rxf3 Rxf3 22. Rxg6+ $18) (20... Bxd5 $2 21.
cxd5 Rxd5 22. Bd4 $18) 21. Kc1 $1 {Another strong move preventing a possible
exchange sac on f5.} (21. Qf1 Rf7 22. Rh3 Qe5 23. b4 exd5 24. bxa5 d4 $132)
21... Qh4 $1 {Seems again like the only move.} 22. dxe6 {Still after this
white has all the chances but} ({the direct} 22. Bg5 $1 Rxg5 (22... Qh2 23.
dxe6 dxe6 24. f4 Raf8 25. Qd7) 23. Rxg5 Rf8 (23... Qxf2 24. dxe6 dxe6 25. Qe4
Rd8 26. Kb1 Rd6 27. Qh1 Rd2 28. Rf1 $18) 24. dxe6 dxe6 25. Kb1 Nb7 $16 {
is more consequent.}) 22... dxe6 23. Qd7 $2 {This spoils everything.} (23. Bg5
$1 Rxg5 (23... Qh2 24. f4 $16) 24. Rxg5 Rf8 (24... Qxf2) 25. Kb1 Nb7 $16) 23...
Qf6 $1 {At this very point both sides were short on time.} 24. Bxf5 $1 {
A good practical decision.GM Agrest saw that it is time to settle for a draw.}
Qc3+ {Frustrated with my result from the previous rounds I did not have the
balls to continue the game.} (24... Nxb3+ $1 {I have missed this one partially
due to lack of time.} 25. Kc2 Nc5 $8 26. Bxe6+ (26. Bxc5 Qxf5+ 27. Kc1 bxc5 28.
Re3 Bg4 $1) 26... Qxe6 27. Qd5 (27. Qxe6+ Nxe6) 27... Qxd5 28. cxd5 Rd8 $11) (
24... Qxf5 25. Bh6 Qf6 $1 (25... Qf7 26. Qd4) 26. Kb1 Qf7 27. Qd4 $140 Nc6 28.
Qe4 Qf5) 25. Kb1 $11 {Strangely black has no more than perpetual.} Qxb3+ 26.
Ka1 Qxa3+ 27. Kb1 Qb3+ 28. Ka1 Qa3+ 29. Kb1 Qb4+ 30. Ka1 {White's king could
even go to the other direction.} (30. Kc1 Qc3+ (30... Qxc4+ $2 31. Bc2) (30...
Nb3+ 31. Kc2 Na1+ $3 (31... Qxc4+ $2 32. Kb1 exf5 33. Bh6 {and white x-rays
Nb3.}) 32. Rxa1 Qxc4+ 33. Kd2 Qb4+ 34. Kd3 Qb3+ 35. Ke4 (35. Kd4 Qb2+ 36. Ke4
Qc2+ {transposes}) 35... Qc2+ 36. Kd4 c5+ 37. Ke5 Qxf5+ 38. Kd6 Qd5+ 39. Ke7 (
39. Kc7 $2 Qe5+ 40. Kb7 Rb8+ 41. Kxa7 Rf8 42. Kxb6 Qxa1 43. Qxe6+ Kh8 $19)
39... Rf8 40. Qxd5 exd5 41. Bh6 $16)) 30... Qa3+ {Black can not deviate from
the perpetual.} (30... Nb3+ $2 31. Ka2 $18) 1/2-1/2

[Event "ISR-ch"]
[Site "Tel Aviv"]
[Date "2002.12.03"]
[Round "9"]
[White "Avrukh, Boris"]
[Black "Shachar, Ehud"]
[Result "1-0"]
[WhiteElo "2595"]
[BlackElo "2374"]
[Annotator "Avrukh,B"]
[PlyCount "69"]
[EventDate "2002.11.24"]
[EventType "swiss"]
[EventRounds "9"]
[EventCountry "ISR"]
[SourceTitle "CBM 093"]
[Source "ChessBase"]
[SourceDate "2003.04.01"]
[SourceVersion "1"]
[SourceVersionDate "2003.04.01"]
[SourceQuality "1"]

1. Nf3 e6 2. c4 f5 3. g3 Nf6 4. Bg2 d5 5. O-O c6 {In my opinion this Stonewall
without white pawn on d4 is extremely unpleasant for black,better was to
develop black knight to c6,but even there white is much better.} 6. d3 Bc5 7.
Qc2 Nbd7 $2 (7... Qe7 $142 8. Nc3 (8. Bf4 $5) 8... O-O 9. e4 $36) 8. cxd5 $1
cxd5 {Now this pawnstructure with knight on d7 is very bad for black} (8...
exd5 $140 9. d4 {[%csl Gf5]}) (8... Nxd5 9. e4 $16) 9. Bf4 $146 {[%csl Gc7,Gd6,
Ge5] The best square for white bishop} (9. Nc3 O-O 10. Bf4 Qe7 11. Na4 Bd6 12.
Bxd6 Qxd6 13. Rfc1 f4 $6 14. Qc7 Qe7 15. Qxf4 $18 {1-0 Makarov,M-Arnold,L/
Cappelle la Grande 1996/CBM 51 ext (38)}) 9... O-O 10. Nbd2 $16 {[%cal Gd2b3]}
Qb6 (10... Nh5 11. Bg5 (11. Be5 $5) 11... Qe8 12. Nb3 Bd6 13. e4 $1 $16) 11.
Rac1 Ng4 (11... Nh5 {was the critical continuation} 12. Be5 $1 (12. Bg5 $143 h6
13. Nb3 Bd6 (13... Bxf2+ 14. Rxf2 hxg5 15. Nxg5 Nhf6 16. Qc7 Qe3 17. Qf4 $1 $16
) 14. Be3 Qd8 $14 {with playable position}) 12... Nxe5 13. Qxc5 (13. Nxe5 $143
Bd4 $1 {[%csl Gb2,Ge5]}) 13... Qxc5 (13... Qxb2 14. Rc2 $18 {[%csl Ge5]} Nxf3+
15. Bxf3 {[%csl Gh5]}) 14. Rxc5 Nc6 15. Nb3 (15. e4 $5 fxe4 16. dxe4 Nf6 17.
Re1 h6 18. a3 $16 {[%cal Gb2b4]}) 15... Bd7 16. Rfc1 Rac8 17. Nbd4 $16 Nxd4
$140 18. Nxd4 Rxc5 19. Rxc5 Rc8 20. Rxc8+ Bxc8 21. Nb5 {[%csl Ga7][%cal Gb5d6]
winning a pawn}) 12. e3 h6 {[%cal Gg7g5]} (12... e5 13. Nxe5 Ngxe5 14. Bxe5
Nxe5 15. Bxd5+ Be6 16. Qxc5 $18) 13. Nb3 Bd6 (13... Be7 14. Bc7 (14. h3 Ngf6
15. Nbd4 $16) 14... Qa6 15. e4 $16) 14. Bxd6 Qxd6 15. Nfd4 $1 {[%cal Gd4b5]} (
15. Qc7 $143 Qa6) 15... a6 {[%csl Gb5]} 16. Qc7 $1 {Logical and very
strong!The arising endgame is positionally winning for white.} Qxc7 17. Rxc7
Nb6 (17... Ndf6 18. Nc5 Re8 (18... e5 19. Nde6 Bxe6 20. Nxe6 Rf7 21. h3 $18 {
[%csl Rg4]}) 19. h3 (19. Na4 $5 {[%cal Ga4b6]} e5 (19... Ne5 20. Nb6 Rb8 21.
Rfc1 {[%csl Gc8]}) 20. Nb6 exd4 21. Nxa8 dxe3 22. fxe3 Nxe3 23. Re1 $16) 19...
Ne5 20. f4 Nf7 21. Rc1 {[%cal Gc5a4] with great advantage}) 18. h3 (18. Nc5 {
gives black opportunity to create counterplay} e5 (18... Re8 19. Nxb7 Ra7 20.
Nd6 $1 $18 {[%csl Ge8]}) 19. Nde6 Bxe6 20. Rxb7 $1 (20. Nxe6 Rf7 $14) 20...
Rfb8 21. Rxb8+ Rxb8 22. Nxe6 Rc8 $1 {[%cal Gc8c2]} 23. d4 {[%cal Ge6c5]} (23.
h3 Kf7 $1 {[%csl Re6]}) 23... Rc2 24. h3 Kf7 25. Nc5 Nf6 26. dxe5 Rxc5 27. exf6
Kxf6 $132 {[%cal Gc5c2]}) 18... Nf6 19. f4 $1 {[%csl Gc8,Re5,Ge6] Very clean
positional play,white fixed black pawn on e6 and they don't need to think
about e6-e5 advance in future.Black bishop will remain extremely bad till the
end of the game.} Rf7 (19... Na4 20. Rf2 $1 {[%cal Gf2c2]}) 20. Rc2 $1 {
Of course not allowing to exchange one pair of rooks ,especially when you are
side with so clear space advantage.} Re7 (20... Bd7 21. Nc5 (21. Rc7 $140 Bc8)
(21. Na5 Rc8 22. Rfc1 Rxc2 23. Rxc2 Bc8 {still holding the position}) 21... Re8
22. Rfc1 (22. Nf3 Bb5 23. Rfc1) 22... e5 $140 23. Nf3 $1) 21. Nf3 $1 Rb8 (21...
Bd7 22. Rc7 Rb8 23. Na5 $18 {[%csl Gb7]}) 22. Nbd4 Bd7 23. Ne5 Be8 24. Rfc1 Bf7
(24... Nfd7 25. Rc7 Na8 26. Rc8 Rxc8 27. Rxc8 Nxe5 (27... Nab6 28. Rc7 $18) 28.
Rxa8 Nxd3 29. Nxe6 $18) 25. g4 {Now white absolutely dominates all over baord
and my idea is to enter my bishop into the play which will be decisive.} g6 (
25... fxg4 26. hxg4 Nbd7 27. Rc7 Kf8 28. Ndf3 $1 Nxe5 29. Nxe5 {with decisive
advantage}) 26. Rc7 Rbe8 (26... Nbd7 27. g5 $1 $18) 27. g5 hxg5 28. fxg5 Nh7 (
28... Nfd7 29. Nxf7 Kxf7 30. Rxb7 {[%cal Gd4c6]} Rb8 31. Rcc7 $18) 29. h4 Nf8
30. e4 $1 {Decisive breakthrough in the centre} dxe4 31. dxe4 fxe4 (31... Na8
32. Rxe7 (32. Rc8 Nb6) 32... Rxe7 33. Rc8 (33. exf5 $5 exf5 34. Nxf7 Kxf7 35.
Bd5+ Kg7 36. h5 $1 Rd7 37. h6+ Kh7 38. Ne6 Nxe6 39. Bxe6 Re7 40. Bd5 Nb6 41.
Bf3 $18 {[%csl Gb7,Rh6]}) 33... Nb6 34. Rb8 $18 {[%csl Gb7]}) 32. Bxe4 Nd5 33.
Rxe7 Rxe7 (33... Nxe7 34. Rc7 {Fantastic position of domination} Rd8 35. Rxe7
Rxd4 36. Nxf7 Rxe4 37. Nh6+ Kh8 38. Rf7 Nh7 39. Rxb7 $18) 34. Rc8 Kg7 35. h5 $1
{Really fantastic positional achievement!} (35. h5 gxh5 $140 (35... Be8 36. h6+
Kh7 (36... Kg8 37. Bxg6) 37. Kf2 $18) (35... Re8 36. h6+ Kg8 37. Rxe8 Bxe8 38.
Nxe6 $1) 36. Bxd5 exd5 37. Nf5+ $18) 1-0

[Event "Redbus KO"]
[Site "Southend"]
[Date "1999.04.03"]
[Round "2.2"]
[White "McNab, Colin Anderson"]
[Black "Plaskett, H James"]
[Result "1-0"]
[WhiteElo "2418"]
[BlackElo "2483"]
[Annotator "Baburin,A"]
[PlyCount "83"]
[EventDate "1999.04.??"]
[EventType "k.o."]
[EventRounds "4"]
[EventCountry "ENG"]
[SourceTitle "CBM 071"]
[Source "ChessBase"]
[SourceDate "1999.08.01"]
[SourceVersion "1"]
[SourceVersionDate "1999.08.01"]
[SourceQuality "1"]

1. c4 b6 2. Nc3 Bb7 3. e4 e6 4. d3 Nf6 5. Nge2 c5 6. g3 Nc6 7. Bg2 d6 8. O-O
Be7 9. d4 cxd4 10. Nxd4 Rc8 11. b3 O-O 12. Ba3 Qd7 13. Qd2 Rfd8 14. Rac1 a6 15.
Rfd1 Bf8 16. Nc2 Ba8 17. Ne3 Qb7 18. Qe2 Qb8 19. Rd2 Ne5 20. f4 Ned7 21. f5 Nc5
22. fxe6 fxe6 23. Rf1 Re8 24. Ng4 Nxg4 25. Qxg4 b5 26. cxb5 axb5 27. Bb2 Re7
28. b4 Nd7 29. Ne2 Ne5 30. Bxe5 dxe5 31. Kh1 Bc6 32. Nc1 Rd8 33. Rdf2 Qd6 34.
a3 Ree8 35. Nb3 Qd3 36. Rf3 Qc2 37. Na5 Bd7 38. Rf7 Bc8 39. h4 Rd3 40. Bh3 Rxa3
41. R7f2 Qc3 {[%tqu "En","Two very powerful Black's pieces are on the
queenside, far away from his king. How would you exploit this fact?","You need
to use your rooks on the f-file.","The e8-rook is the last defender of the
f8-bishop, but the rook is already overloaded with work and you can take
advantage of this!","g4e6","",3,"g4e6","",0]} 42. Qxe6+ $1 (42. Qxe6+ Bxe6 43.
Bxe6+ Kh8 44. Rxf8+ Rxf8 45. Rxf8#) 1-0